000
00213ngm a2200085 454500
008
180718b xxu||||| |||| 00| 0 eng d
245
_a
Town water supply and sanitation initiative
260
_a
_b
_c
700
_a
World Bank
999
_c
447216
_d
447216